[Event "Presidents Cup "]
[Site "Elista"]
[Date "1998.05.21"]
[Round "5.3"]
[White "Ivanchuk, Vassily"]
[Black "Khalifman, Alexander"]
[Result "1-0"]
[WhiteElo "2740"]
[BlackElo "2660"]
[Annotator "Ribli,Z"]
[PlyCount "95"]
[EventDate "1998.05.07"]
[EventType "k.o."]
[EventRounds "6"]
[EventCountry "RUS"]
[SourceTitle "CBM 065"]
[Source "ChessBase"]
[SourceDate "1998.08.06"]
[SourceVersion "1"]
[SourceVersionDate "1998.08.06"]
[SourceQuality "1"]

1. d4 Nf6 2. c4 c5 {Khalifman möchte das Wolga-Gambit (3.d5 b5) spielen, aber
Ivanchuk lehnt diese Einladung dankend ab. Ribli.} 3. Nf3 cxd4 4. Nxd4 Nc6 (
4... e5) (4... e6) (4... g6) 5. Nc3 e6 6. g3 Qb6 7. Nb3 (7. Ndb5 Ne5) 7... Ne5
8. e4 Bb4 9. Qe2 d6 10. Bd2 {Ein relativ selten gespielter Zug. Die
Modevariante ist 10.f4 Nc6 11.Be3 Bxc3 12.bxc3 Qc7 13.Bg2. Die
Partiefortsetzung scheint mir indes logischer, denn Weiß muß nicht mit
Doppelbauern spielen.} O-O 11. O-O-O {Dieser scharfe Zug ist die logische
weiße Konsequenz. Es sei angemerkt, daß es nicht gerade typisch für die
Englische Eröffnung ist, daß Weiß mit langer Rochade spielt.} (11. Rc1 d5 (
11... a5 12. f4 Nc6 13. Be3 Qc7 14. Nd2 b6 15. Bg2 Ba6 16. Nb5 Qd7 17. O-O Rab8
18. Rfd1 e5 19. Nf3 Qe7 20. Nh4 g6 21. fxe5 Nxe5 22. Bg5 Bc5+ 23. Kh1 Bxb5 24.
cxb5 Qe6 {1/2-1/2 Timman,J-Gulko,B/Tal mem 1995 (27)}) (11... Bd7 12. f4 Nc6
13. Bg2 e5 14. a3 Bxa3 15. bxa3 Qxb3 16. Rb1 Qxa3 17. Nb5 Qc5 18. Be3 Nd4 {
0-1 Dienz,O-Koehler,R/Wiesbaden op 1992 (40)}) 12. c5 Qd8 13. a3 dxe4 14. Nxe4
Bxd2+ 15. Nbxd2 Bd7 16. f4 Nxe4 17. Nxe4 Nc6 18. Bg2 e5 19. O-O exf4 20. gxf4
Nd4 21. Qf2 Nf5 22. Rcd1 Qc7 {Romero Holmes,A-Izeta Txabarri,F/ESP-chT 1997/1/
2-1/2 (46)}) (11. f4 Nc6 12. O-O-O (12. Bg2 e5 13. f5 Nd4 14. Nxd4 exd4 15. Nb5
Bxd2+ 16. Qxd2 d5 17. Qxd4 Qxd4 18. Nxd4 dxe4 19. O-O Rd8 20. Nb5 a6 21. Nc3
Rd4 22. Rae1 {Pogorelov,R-Kolev,A/Zaragoza op 1996/1/2-1/2 (52)}) 12... e5 13.
f5 (13. Nd5 Nxd5 14. cxd5 Bxd2+ 15. Qxd2 Nb4 16. Kb1 Bd7 17. a3 Na6 18. Na5 Nc5
19. Nc4 Qc7 20. fxe5 dxe5 21. Qe3 f6 22. Rc1 Rac8 23. Be2 b5 $1 {Lautier,
J-Lutz,C/Baden Baden 1992/0-1 (49)}) 13... Nd4 14. Nxd4 exd4 15. Nd5 Nxd5 16.
cxd5 Re8 17. Qf3 Bxf5 18. exf5 Rac8+ 19. Kb1 Bxd2 20. Rxd2 Re1+ 21. Rd1 Qc5 22.
Bc4 Rxh1 23. Qxh1 Qxc4 24. Qe4 h5 25. a3 d3 26. Qxc4 Rxc4 27. Rxd3 Kf8 28. f6
gxf6 29. Rf3 Kg7 {1/2-1/2 Wittmann,W-Erdelyi,T/AUT-chT2S 1993 (32)}) 11... a5 (
11... Nc6 12. g4 Nd7 13. Be3 Nc5 14. Nxc5 dxc5 15. Na4 Qa6 16. Qc2 Nd4 17. Bxd4
cxd4 18. Rxd4 e5 19. Rd5 Bxg4 20. Kb1 Rac8 21. Rxe5 Qf6 22. Rd5 Bf3 (22... b5
$6 23. Rxb5 Qf3 24. Rg1 Rfd8 25. Bd3 Rxd3 26. Rxb4 Rcd8 27. Nc3 Rd2 $4 28. Qxd2
{1-0 Gschnitzer,O-Horvath,J/Dornbirn op 1990}) 23. Rg1 Qh4 24. Bd3 Rfe8 $13)
12. f4 a4 $146 (12... Nc6 13. Be3 Qa6 14. Nb5 a4 15. Nc7 axb3 16. Nxa6 bxa2 17.
Kc2 Rxa6 18. e5 $5 (18. Bg2 e5 19. f5 Bc5 20. b3 Bd7 21. Kb2 Nd4 22. Bxd4 a1=Q+
23. Rxa1 Bxd4+ 24. Kc2 Bxa1 {0-1 Gleizerov,E-Dvoirys,S/Cheliabinsk 1989}) 18...
dxe5 19. fxe5 Nxe5 20. Kb3 a1=Q 21. Rxa1 Rxa1 22. Kxb4 Bd7 $13 {Dvoirys,S}) 13.
fxe5 (13. Nxa4 $6 Rxa4 14. fxe5 dxe5 $11 {[%csl Rc1]}) 13... axb3 14. a3 (14.
exf6 bxa2 {[%csl Ga2,Rc1]} 15. Nxa2 Rxa2 16. fxg7 (16. Qg4 g6 17. Qg5 (17. Qh4
Qd4 $19 {[%csl Rc1]}) 17... Qd4 $1 $19 {[%csl Rb2,Rc1][%cal Rd4b2]} (17... Rxb2
18. Kxb2 Bxd2+ 19. Qb5 Qd4+ $17)) 16... Kxg7 $15 {[%csl Rc1]}) 14... Bxc3 $6 {
Eine natürliche Antwort, denn in der praktischen Partie wäre es natürlich sehr
schwierig, die taktische Verwicklungen nach 14...dxe5 zu überblicken.} (14...
dxe5 $5 15. axb4 {Weiß hat eine Figur mehr, aber die schwarzen Drohungen sind
gefährlich.} Ra1+ 16. Nb1 Qa7 {[%csl Ga1,Ga7,Gb3,Rc1] Es droht 17...Rxb1 18.
Kxb1 Qa2 19.Kc1 Qa1 Matt.} 17. Qd3 (17. Bc3 Qa2 {[%csl Ga1,Ga2,Rb1,Rc1][%cal
Ra2b1,Ra1b1]} 18. Qd3 Nxe4 (18... Ng4 {[%cal Rg4f2,Rf2d1,Rf2d3,Rf2h1]} 19. Rd2
Ne3 $40 {[%cal Re3c2]}) 19. Qxe4 f5 20. Qd3 e4 $19) 17... Qa2 {[%csl Rc1]} 18.
Bg2 Re8 $13 {[%cal Re8e7,Re7d7,Rd7d1] Diese letzte Variante ist ein wenig
märchenhaft, aber trotz seiner Mehrfigur ist es für Weiß nicht einfach, sich
von der tödlichen Fesselung seines Springers b1 zu befreien.}) 15. Bxc3 dxe5
16. Bxe5 $14 {Weiß besitzt das Läuferpaar und besonders sein schwarzfeldriger
Läufer ist sehr stark, während Schwarz mit seinem Damenläufer Probleme hat.}
Qc6 17. Bxf6 $5 {Weiß gibt seinen besseren Läufer auf, aber es bleibt eine
geschwächte schwarze Königsstellung.} gxf6 18. Qg4+ Kh8 19. Qf3 e5 (19... f5
20. Qxb3 $14 {[%csl Rc8,Rh8] Schwarz hat Schwierigkeiten mit dem Damenläufer.})
20. Rd5 {[%csl Gd5]} f5 {Schwarz opfert zeitweilig einen Bauern, um den Läufer
zu aktivieren.} (20... Kg7 21. Bd3 Be6 22. Rf1 {[%csl Rf6,Rg7]} Bxd5 23. exd5
Qd6 24. Qg4+ Kh8 25. Qf5 $18 {[%csl Rh7,Rh8][%cal Rd3h7]}) 21. Rxe5 Be6 22. Rb5
{[%csl Rh8]} f6 (22... Bxc4 23. Qc3+ f6 24. Bxc4 $18) 23. Rxb3 fxe4 (23... Qxe4
$2 24. Qxe4 fxe4 25. Rxb7 $16) 24. Qe3 Bxc4 25. Bxc4 Qxc4+ 26. Kb1 {Weiß hat
keinen Materialvorteil mehr, aber seine Königsstellung ist sicher und die
schwarze Bauernstruktur schlecht.} Qd5 27. Rb4 {[%csl Re4]} Rae8 28. Rc1 $1 {
Die weißen Figuren sind viel aktiver.} Rf7 29. Rc5 {[%csl Gb4,Gc5,Ge3]} Qd1+ (
29... Qe6 $142 $14) 30. Ka2 Qd6 $2 (30... Qf3 31. Qxf3 exf3 32. Rf5 Re3 33.
Rbf4 $16 {[%csl Rf3]}) (30... f5 $5 {[%csl Rh8] In der Tat ist die Sschwarze
Königsstellung schwach, aber ich denke, daß dies seine beste Möglichkeit wäre.}
31. Rd4 $36) 31. Rxe4 $1 Rxe4 32. Rc8+ {Ein wichtiger Zwischenzug.} Kg7 33.
Qxe4 $16 {[%csl Gc8,Ge4,Rg7] Weiß hat einen Mehrbauern und die schwarze
Königsstellung ist nach wie vor schwach.} f5 34. Qc4 h5 35. Rh8 $1 {Ein
originelles Motiv! Weiß droht 36.Rh7+ mit Gewinn.} Qg6 (35... Kxh8 36. Qxf7 {
[%csl Rf5,Gf7,Rh5,Rh8][%cal Rf7f5,Rf7h5]}) 36. Qd4+ $6 (36. Qc8 $1 $18 {
[%csl Rg6,Rg7]}) 36... Rf6 (36... Qf6 37. Qxf6+ Rxf6 38. Rxh5 $18) 37. Rd8 {
[%csl Rg7]} Qf7+ 38. b3 {[%cal Rd8d7,Rd7g7]} Qe6 39. Rd7+ Kg6 40. Rxb7 {
Die beiden verbundenen Mehrfreibauern bieten dem Weißen ausgezeichnete
Gewinnchancen. Außerdem findet der schwarze König noch immer keine Ruhe.} h4 (
40... Qe2+ 41. Qb2 $16) 41. a4 (41. Qxh4 $4 Qe2+ 42. Kb1 Qf1+ 43. Kb2 Qg2+ {
[%cal Rg2b2,Rg2b7]}) (41. gxh4 $6 Qe2+ 42. Qb2 Qxb2+ 43. Kxb2 f4 $16 {[%csl
Rf4]}) 41... Qc6 42. Rb8 h3 $5 43. Rg8+ Kf7 44. Rh8 Kg7 45. Rh4 $18 {Weiß hat
alle Punkte verteidigt; die schwarze Stellung ist hoffnungslos.} (45. Rxh3 $4
Qg2+ $19 {[%cal Rg2a2,Rg2h3]}) 45... Kg6 (45... Qc2+ 46. Qb2 Qg2 47. Rf4 $18 (
47. Qxg2 $4 hxg2 $19)) 46. Qe3 {[%csl Rg6]} Kf7 47. Qa7+ Kg8 48. Qh7+ {und
Schwarz gab in hoffnungsloser Lage auf.} (48. Qh7+ Kf8 49. Qh8+ Ke7 50. Rh7+
Rf7 (50... Ke6 51. Qxf6+ Kxf6 52. Rh6+ $18 {[%cal Rh6c6]}) 51. Qe5+ Qe6 52.
Qxe6+ Kxe6 53. Rxf7 Kxf7 54. a5 $18) 1-0

[Event "Guillermo Garcia Memorial-A 06th"]
[Site "Santa Clara"]
[Date "1998.06.02"]
[Round "8"]
[White "Rivera, Alberto"]
[Black "Herrera, Irisberto"]
[Result "0-1"]
[WhiteElo "2415"]
[BlackElo "2445"]
[Annotator "Ribli,Z"]
[PlyCount "90"]
[EventDate "1998.05.24"]
[EventType "tourn"]
[EventRounds "13"]
[EventCountry "CUB"]
[EventCategory "9"]
[SourceTitle "CBM 066"]
[Source "ChessBase"]
[SourceDate "1998.09.30"]
[SourceVersion "1"]
[SourceVersionDate "1998.09.30"]
[SourceQuality "1"]

1. Nf3 c5 2. c4 Nc6 3. d4 {Auf diese Weise kann Weiß die Variante 3.Nc3 Nd4
vermeiden. Ribli.} cxd4 4. Nxd4 Nf6 5. Nc3 e6 6. Ndb5 d5 7. cxd5 {Eine selten
gespielte Fortsetzung. Die Alternative scheint mir besser zu sein.} (7. Bf4)
7... Nxd5 8. e4 {Dieser bescheidene Zug sollte dem Weißen keinen
Eröffnungsvorteil bieten.} (8. Nxd5 exd5 9. e3 (9. Qxd5 $6 Bb4+ 10. Bd2 Qe7 11.
Nc3 O-O 12. Bg5 Qc7 13. e3 Be6 14. Qd2 Qa5 15. Bh4 g5 16. Bg3 Rfd8 17. Qc2
Bxc3+ 18. bxc3 Nb4 19. Qe4 Nxa2 20. Qb4 Rd1+ {0-1 Suba,M-Portisch,L/
Thessaloniki olm 1984}) 9... Be6 10. Be2 Be7 11. Bd2 a6 12. Nd4 Nxd4 13. exd4
O-O 14. Qb3 Re8 15. O-O Bd6 16. Bb4 Bc7 17. Bf3 Qg5 18. Rad1 Rad8 19. Bd2 Qe7
20. Rfe1 Rd7 21. Rc1 {Bronstein,D-Geller,E/Moscow zt 1964/1/2-1/2 (67)}) 8...
Nxc3 9. Qxd8+ Kxd8 10. bxc3 $6 {Weiß möchte um jeden Preis die Symmetrie
vermeiden, handelt sich aber so eine ewige strukturelle Schwäche ein.} (10.
Nxc3 Bc5 (10... Bb4 11. Be3 Bxc3+ 12. bxc3 Kc7 {Wegen der geschlossenen
c-Linie steht der schwarze König sicher auf c7.} 13. O-O-O Rd8 14. Bb5 Bd7 15.
Bxc6 Bxc6 16. Rxd8 Rxd8 $11) (10... Nd4 {[%csl Gd4]} 11. Bd3 e5 $11) (10... Nb4
11. Bg5+ f6 12. O-O-O+ $14) 11. Bb5 (11. Bg5+ f6 12. O-O-O+ Bd7 13. Bh4 a6 14.
Kb1 g5 15. Bg3 Ke7 16. h4 h6 17. Rc1 Bd4 18. Na4 Ne5 19. Nc5 {1/2-1/2
Petrosian,A-Sivokho,S/St.Petersburg op 1993}) (11. Bf4 Ke7 12. O-O-O Bd7 13.
Rd2 Rac8 14. Bb5 a6 15. Rhd1 Rhd8 16. Bf1 f6 17. Kb1 Be8 18. Rxd8 Nxd8 {
1/2-1/2 Gostisa,L-Sosonko,G/Mitropa Cup 1995}) 11... Bd7 12. Bxc6 (12. O-O a6
13. Bxc6 Bxc6 14. Re1 f6 15. Be3 Bb4 {1/2-1/2 Andersson,U-Parma,B/Teeside 1972}
) 12... Bxc6 13. Ke2 Ke7 14. Be3 Bd6 15. Rhd1 b5 16. Rac1 Rhc8 17. f3 Bxh2 18.
Rh1 Bd6 19. Rxh7 b4 20. Nd1 Bb5+ 21. Kf2 Rxc1 22. Bxc1 Rc8 23. Bg5+ Kd7 24. f4
Rc2+ 25. Kg3 Bf8 26. f5 exf5 27. exf5 Bd3 $15 {1/2-1/2 Huebner,R-Portisch,L/
Abano Therme csf 1980 (53)}) 10... a6 {Schwarz möchte sich vom gegnerischen
Springer auf b5 befreien, schwächt aber seinen Damenflügel.} 11. Nd4 Bd7 12.
Be3 {Weiß hat dank seines Bauern c3 einen starken Springervorposten auf d4,
das ist aber alles, sollte Weiß nichts in der halboffenen b-Linie erreichen.} (
12. Be2 Rc8 13. O-O Bd6 14. Rd1 Nxd4 15. cxd4 Ba4 16. Rf1 b5 17. Be3 Bb4 18.
Bg5+ f6 19. Be3 Ke7 20. d5 e5 21. Bg4 Rc4 22. Rac1 Bc2 23. Be2 Rc7 24. Bd1 Rhc8
25. Bg4 Ba3 26. Bxc8 Bxc1 27. Rxc1 Rxc8 28. Bd2 Rc4 {Kluger,G-Palatnik,S/
Rimavska Sobota 1977/1/2-1/2 (67)}) (12. Nxc6+ Bxc6 $15 {[%csl Rc3]}) 12... Bd6
13. Be2 Ke7 14. Rb1 b5 {[%csl Rc3,Yc4] Schwarz hat bequemes Spiel und einen
Angriffspunkt auf c3.} 15. O-O Rhc8 $15 {[%csl Rc3][%cal Gc8c3]} 16. Nb3 {
[%cal Gb3c5] Der weiße Springer strebt nach c5.} Nd8 {[%cal Gd8b7,Gb7d6,Gd6c4,
Rc8c3] Es hängt jetzt c3 und Schwarz bereitet das Springermanöver Nd8-b7-d6-c4
vor.} 17. Rfc1 Ba3 {[%csl Ga3][%cal Ra3c1]} 18. Rc2 Nb7 {[%cal Gb7d6,Gd6c4]}
19. f3 Nd6 20. Bc1 Bxc1 (20... Bc5+ $2 21. Nxc5 Rxc5 22. Ba3 $18 {[%cal Ra3e7]}
) 21. Rbxc1 Nc4 {[%csl Gc4]} 22. Bxc4 {Natürlich muß Weiß die beste Figur des
Schwarzen tauschen.} bxc4 $6 {Jetzt stehen die weißen Türme überflüssig in der
c-Linie.} (22... Rxc4 $5 23. Nd2 (23. Na5 Ra4 {[%csl Ga4]}) 23... Rc7 24. c4
Rac8 25. c5 b4 $15) 23. Nd2 (23. Na5 $2 Rab8 $19 {[%csl Ra5][%cal Rb8b5,Rb5a5]}
) 23... Rab8 {[%cal Gb8b1]} 24. Nf1 (24. Rb1 Rxb1+ 25. Nxb1 Rb8 26. Nd2 (26.
Rc1 Rb2 {[%cal Rb2h2,Rb2a2]}) 26... Ba4 27. Rc1 Rb2 {[%csl Gb2][%cal Rb2d2,
Rb2a2]} 28. Nxc4 Rxa2 $15 {[%csl Ga2] Wegen seines aktiven Turmes und des
entfernten Freibauern steht Schwarz etwas besser.}) 24... Ba4 25. Re2 $6 {
So läßt der Weiße den schwarzen König nach c5.} (25. Rd2 {[%cal Gd2d8]}) 25...
Kd6 26. e5+ Kc5 27. Ng3 {[%cal Gg3e4,Ge4c5] Endlich aktiviert Weiß seinen
Springer.} Bc6 {[%cal Gc6e4]} 28. Nh5 (28. Ne4+ Bxe4 29. Rxe4 Rb2 $15 {[%csl
Gb2]}) 28... Rd8 {[%cal Gd8d1,Gb8b1]} 29. Kf2 {Weiß vermeidet den Konter in
der g-Linie.} (29. Nxg7 $2 Rg8 {[%cal Gg8g1]} 30. Nh5 Bxf3 $19 {[%cal Rf3e2,
Rf3h5]}) 29... g6 {Die Schwächung des Feldes f6 ist von nicht so großer
Bedeutung.} 30. Nf6 h5 {Jetzt ist im schwarzen Lager alles verteidigt und mit
seinem letzten Zug nimmt der Nachziehende dem weißen Springer das Feld g4.} 31.
h4 a5 $1 {Schwarz möchte a5-a4-a3 ziehen, um das Eindringen des Turmes
vorzubereiten.} 32. Nh7 a4 33. Ng5 {[%cal Rg5f7] Weiß kann nur einfache
Dohngen schaffen.} Rb7 {[%cal Gb7f7]} 34. Ke1 a3 {[%csl Ra2,Ga3] Schwarz legt
den weißen Bauern auf a2 fest und bereitet das unangenehme Eindringen seines
Turmes auf b2 vor.} 35. Nh3 Rdd7 36. Nf4 Ba4 $17 37. Kf2 Rb2 {[%csl Gb2]} 38.
Ke1 (38. Rxb2 $2 axb2 39. Rb1 Rb7 $19 {[%csl Gb2][%cal Ra4c2]}) 38... Rdb7 {
[%csl Ga3,Ga4,Gb2,Gb7,Gc4,Gc5] Die schwarze Aktivität am Damenflügel ist
entscheidend, während Weiß nur abwarten kann.} 39. Ra1 Bc2 40. Rd2 Bb1 {
[%csl Ra1] Das ist der letzte Zug vor der Zeitkontrolle. Ich glaube, die
Alternative 40.Rb1 wäre noch besser.} (40... Rb1+ $5 41. Rxb1 Rxb1+ 42. Ke2 Rb2
$17 {[%csl Ra2]}) 41. g4 {Weiß versucht in dieser sehr schwierigen Lage, im
Trüben zu fischen.} Rb8 42. gxh5 (42. g5 Rxd2 43. Kxd2 Rb2+ $17) 42... gxh5 43.
Nxh5 Rg8 $19 {[%csl Re1][%cal Rg8g1] Mit dem Turm in der g-Linie entscheidet
Schwarz den Kampf.} 44. Nf6 (44. Rxb2 axb2 45. Rxb1 Rg1+ $19) 44... Rg1+ 45.
Kf2 Rc1 {und Weiß gab seine hoffnungslose Stellung auf.} (45... Rc1 46. Ke3 (
46. Ke2 Bd3+ $19 {[%cal Rc1a1,Rd3e2]}) (46. Rxb2 $2 axb2 $19) 46... Rxc3+ 47.
Ke2 Rc1 $19 {[%csl Ra1,Re2][%cal Rc4c3,Rc3c2]}) 0-1

[Event "Presidents Cup "]
[Site "Elista"]
[Date "1998.05.11"]
[Round "2.2"]
[White "Ivanchuk, Vassily"]
[Black "Zvjaginsev, Vadim"]
[Result "1/2-1/2"]
[WhiteElo "2740"]
[BlackElo "2655"]
[Annotator "Ribli,Z"]
[PlyCount "85"]
[EventDate "1998.05.07"]
[EventType "k.o."]
[EventRounds "6"]
[EventCountry "RUS"]
[SourceTitle "CBM 065"]
[Source "ChessBase"]
[SourceDate "1998.08.06"]
[SourceVersion "1"]
[SourceVersionDate "1998.08.06"]
[SourceQuality "1"]

1. c4 c5 2. Nf3 Nc6 3. d4 {Auf diese Weise vermeidet Weiß die Variante 3.Nc3
Nd4!?. Ribli.} cxd4 4. Nxd4 Nf6 5. Nc3 e6 6. g3 {Dies ist eine chancenreiche
Fortsetzung für Weiß. Die Alternativen (6.Bf4, 6.Bg5, 6.Ndb5, 6.e4 und 6.a3)
bieten allesamt dem Weißen keinen Eröffnungsvorteil. Der Partiezug führt
zumindest zu kompliziertem Spiel.} Bb4 (6... Qb6 {Dieser Zug bietet meines
Erachtens dem Schwarzen gute Ausgleichschancen.}) 7. Bg2 O-O 8. O-O Qe7 9. Na4
$5 {Dieser Zug richtet sich gegen den Läufer b4. Weiß beabsichtigt a2-a3 /
b2-b4 zu spielen und der Läufer soll nicht auf c3 nehmen können.} (9. Nc2 Bxc3
(9... Rd8 $2 10. Nxb4 Qxb4 11. Qb3 a5 12. Nb5 d5 13. Nc7 Rb8 14. cxd5 Nd4 15.
Qxb4 axb4 16. Be3 Nc2 17. Ba7 {1-0 Lisik,V-Domarkaite,L/Katowice op 1991 (41)})
10. bxc3 Rd8 11. Ba3 d6 12. Rb1 (12. Qd2 $1 Qc7 13. Rfd1 d5 14. Ne3 $1 dxc4 15.
Bd6 Qb6 16. Rab1 Qa6 17. Qb2 $44 {1-0 Ribli,Z-Ernst,T/Subotica izt 1987 (35)})
(12. Nd4 Ne5 13. Qb3 Nfd7 (13... a6 14. f4 Neg4 15. Nc2 e5 16. f5 e4 17. Qb6
Ne5 18. Ne3 a5 19. Rad1 Ra6 20. Qd4 {1/2-1/2 Tukmakov,V-Hort,V/CSR-ch int 1977
(25)}) 14. Nb5 Nc5 15. Bxc5 dxc5 16. Rfd1 Bd7 17. f4 Nc6 18. Qa3 Be8 19. Rxd8
Nxd8 20. Rd1 Bc6 21. e4 b6 22. Qb2 Nb7 23. e5 {1-0 Ftacnik,L-De Wit,J/Lloyds
Bank op 1982 (44)}) 12... Qc7 13. Nd4 Nxd4 14. Qxd4 (14. cxd4 $6 Qxc4 15. Qd2
Qa6 16. Rb3 Rb8 17. e4 Bd7 18. Bb4 $5 (18. Re1 $2 Ba4 19. Rf3 $2 {0-1 Kramnik,
V-Kamsky,G/New York (m/2) 1994 (38)}) 18... Ba4 19. Ra3 b5 20. g4 $5 Rbc8 21.
g5 Nd7 22. Rc1 $140 $44) 14... e5 15. Qd3 e4 $5 16. Bxe4 Nxe4 17. Qxe4 Be6 18.
Rxb7 Qxc4 19. Qxc4 Bxc4 20. Rb2 $14) 9... d5 10. cxd5 (10. Bg5 Bd7 11. Bxf6
Qxf6 12. Nc2 Rfd8) 10... exd5 (10... Nxd5 $5 11. Nxc6 bxc6 12. Bd2 (12. Qc2 $5
$14 {[%csl Rc6] Schwarz hat eine Bauernschwäche auf c6, aber sein Springer
steht aktiv im Zentrum.}) 12... Ba6 13. Bxb4 Qxb4 14. a3 Qb5 15. Re1 Nb6 16.
Nxb6 Qxb6 17. Qc2 {1/2-1/2 Neverov,V-Obukhov,A/RUS-Cup4 1997}) 11. Bg5 {
Mit dem weißen Springer auf c3, der schwarzen Dame auf d8 und dem schwarzen
Läufer auf e7 wäre dies eine Grundstellung der Tarrasch-Verteidigung.} h6 12.
Bxf6 Qxf6 13. Nc2 {[%csl Rd5]} (13. e3 Nxd4 14. Qxd4 Qxd4 15. exd4 Be6 $11)
13... Rd8 {Schwarz legt sich bezüglich des Damenläufers noch nicht fest.} (
13... Be6 14. Nxb4 Nxb4 15. Qd2 $14) (13... Be7 14. Ne3 (14. Qxd5 Rd8 $44 {
Der geopferte Bauer wird durch das gute schwarze Figurenspiel und das
Läuferpaar kompensiert. Die weißen Springer auf a4 und c2 stehen schlecht.}) (
14. Bxd5 Rd8 $44) 14... d4 15. Nd5 $14 {[%csl Rd4,Gd5,Gg2]}) 14. Nxb4 Nxb4 15.
Qd2 (15. Qb3 Nc6 16. Rfd1 Bg4 17. Qxb7 Nd4 18. Nc3 Nxe2+ 19. Nxe2 Bxe2 20. Rxd5
Rdb8 21. Qd7 Rd8 22. Qc7 {1-0 Sieglen,J-Gawehns,K/Bonn GSK 1994 (28)}) 15...
Nc6 16. Rac1 $14 {Das Spiel gegen den isolierten schwarzen Damenbauern bietet
dem Weißn einen kleinen aber dauerhaften Vorteil.} Bf5 (16... Bg4 $5 17. h3 Bf5
18. Rfd1 Be4 19. Qf4 Qe7 20. Bxe4 dxe4 21. Nc3 Qb4 22. Nxe4 Qxb2 23. Nd6 Rd7
24. Nf5 Rad8 25. Rxd7 Rxd7 26. e4 Qd2 27. Qxd2 Rxd2 28. Rb1 b6 29. Rc1 Na5 30.
Rc8+ Kh7 31. Re8 f6 {1/2-1/2 Akesson,R-Alterman,B/Lloyds Bank op 1994 (37)})
17. Rfd1 Be4 (17... d4 18. Nc5 $1 {[%csl Rb7,Gc5,Rc6,Gg2]} Rab8 19. Nxb7 Rxb7
20. Rxc6 $16) 18. Bh3 {[%csl Ge4]} (18. f3 $6 Bf5) 18... d4 $5 {Ein
Bauernopfer für aktives Gegenspiel.} (18... Bf5 19. Bxf5 Qxf5 20. Rc5 $14 {
[%csl Gc5,Rd5][%cal Gc5f5]}) 19. Nc5 Bd5 20. Nxb7 Re8 21. Rc5 $6 (21. Nc5 $5
$16 Bxa2 $2 22. b3 $18 {[%csl Ra2][%cal Rd2a2]}) 21... Be4 {[%csl Gd4,Ge4]} (
21... Rab8 22. Rxd5 Rxb7 23. Bd7 $16 {[%csl Rd4][%cal Rd7e8,Rd7c6]}) 22. f3 $6
(22. Na5 $5) (22. Rdc1 $5) 22... Rab8 $132 23. fxe4 (23. Na5 Nxa5 24. Rxa5 Ba8
$44 25. Qxd4 Qxd4+ 26. Rxd4 Rxe2 {[%csl Rb2,Rf3]}) 23... Rxb7 24. Qf4 Qxf4 25.
gxf4 Ne7 {[%csl Rb2,Re4,Rf4][%cal Ge7g6,Gg6f4] Weiß ist in Besitz eines
Mehrbauern und drückt gegen d4, hat aber auch eigene Schwächen.} 26. Rd2 (26.
Rxd4 Rxb2 $132) 26... Ng6 $44 27. f5 Ne5 {[%csl Ge5,Rh3] Der schwarze Springer
ist auf e5 ausgezeichnet postiert, während die weiße Leichtfigur auf h3 recht
unglücklich steht.} 28. b3 (28. Kf2 $5 {Dieser prophylaktische Zug nimmt die
Möglichkeit 28...d3 aus der Stellung.}) 28... d3 $5 29. Bf1 (29. exd3 $4 Nf3+
$19) 29... dxe2 30. Rxe2 (30. Bxe2 Rb4 $1 {[%csl Gb4,Re4][%cal Rb4e4]}) 30...
Rd7 {[%csl Gd7,Ge5,Rf1]} 31. Rd5 Rc7 32. Kg2 g6 {Weiß, materiell in Vorteil,
hat Probleme mit der Figurenkoordination.} 33. Red2 Ng4 {[%csl Re4][%cal Rg4e3,
Re3g2,Re3d5,Re3f1]} 34. Rd7 $14 (34. Rd8 Rxd8 35. Rxd8+ Kg7) 34... Ne3+ 35. Kf2
Nxf1 {[%cal Rf1d2]} 36. Kxf1 Rc1+ $1 (36... Rxd7 37. Rxd7 Rxe4 38. fxg6 fxg6
39. Rxa7 $16 {[%csl Ga2,Gb3] Hier sollte Weiß - trotz der Remisbreite in
Turmendspielen - mit den beiden verbundenen Freibauern über ausgezeichnete
Gewinnchancen verfügen.}) 37. Kf2 (37. Rd1 Rxd1+ 38. Rxd1 Rxe4 39. fxg6 fxg6
40. Rd8+ Kf7 41. Rd7+ Re7 $11) 37... gxf5 38. exf5 a5 {Weiß besitzt einen
Mehrbauern, aber das reduzierte Material sollte dem Schwarzen im
Doppelturmendspiel ausgezeichnete Remischancen bieten.} 39. R7d5 (39. Rd8 Rxd8
40. Rxd8+ Kg7 $11 {[%csl Ra2,Gc1,Rf5,Gg7]}) 39... a4 $1 40. bxa4 Re4 $44 {
[%csl Ra2,Ra4,Gc1,Ge4,Rf5] Schwarz hat bereits zwei Bauern weniger, aber die
Aktivität seines Turmpaares rettet die Partie. Die weißen Mehrbauern sind kaum
zu verwerten.} 41. a5 (41. R5d4 Rxd4 42. Rxd4 Rc2+ 43. Kg3 Rxa2 $14 {Remis ist
trotz des Mehrbauern sehr wahrscheinlich.}) 41... Ra4 {[%csl Ra2,Ga4,Ra5,Gc1]}
42. Ke2 Ra3 43. Kf2 {und hier wurde Remis vereinbart. Weiß kann trotz des
materiellen Übergewichts praktisch nichts machen.} (43. Rb2 Rh1 $11 {[%csl Re2,
Rh2]}) 1/2-1/2